Coastal evolution : (Record no. 3312)

000 -LEADER
fixed length control field 02874nam a2200397 i 4500
006 - FIXED-LENGTH DATA ELEMENTS--ADDITIONAL MATERIAL CHARACTERISTICS--GENERAL INFORMATION
fixed length control field m|||||o||d||||||||
007 - PHYSICAL DESCRIPTION FIXED FIELD--GENERAL INFORMATION
fixed length control field cr||||||||||||
008 - FIXED-LENGTH DATA ELEMENTS--GENERAL INFORMATION
fixed length control field 090518s1994||||enk o ||1 0|eng|d
020 ## - INTERNATIONAL STANDARD BOOK NUMBER
International Standard Book Number 9780511564420 (ebook)
040 ## - CATALOGING SOURCE
Original cataloging agency IMU Kochi Library
Language of cataloging eng
041 0# - LANGUAGE CODE
Language code of text/sound track or separate title eng
082 00 - DEWEY DECIMAL CLASSIFICATION NUMBER
Classification number 551.4/57
Edition number 20
245 00 - TITLE STATEMENT
Title Coastal evolution :
Sub Title Late Quaternary shoreline morphodynamics /
300 ## - PHYSICAL DESCRIPTION
Extent 1 online resource (xxi, 517 pages) :
Other physical details digital, PDF file(s).
500 ## - GENERAL NOTE
General note Title from publisher's bibliographic system (viewed on 05 Oct 2015).
520 ## - SUMMARY, ETC.
Summary, etc The shoreline is a rapidly changing interface between the land and the sea, where much of the world's population lives. Coasts are under threat from a variety of natural and anthropogenic impacts, such as climate or sea-level change. This 1995 book assesses how coastlines change, and how they have evolved over the last few thousand years. It introduces concepts in coastal morphodynamics, recognising that coasts develop through co-adjustment of process and form. Particular types of coast, such as deltas, estuaries, reefs, lagoons and polar coasts, are examined in detail with conceptual models developed on the basis of well-studied examples. Coastal Evolution is written for undergraduates who are studying coastal geomorphology, geologists who are mapping coastal sedimentary sequences and environmental scientists, engineers, planners and coastal managers who need to understand the natural processes of change which occur on shorelines.
650 #0 - SUBJECT ADDED ENTRY--TOPICAL TERM
Topical term or geographic name as entry element Paleogeography
Chronological subdivision Quaternary.
650 #0 - SUBJECT ADDED ENTRY--TOPICAL TERM
Topical term or geographic name as entry element Coast changes.
700 1# - ADDED ENTRY--PERSONAL NAME
Personal name Carter, Bill
Fuller form of name (R. W. G.),
Relator term
700 1# - ADDED ENTRY--PERSONAL NAME
Personal name Woodroffe, C. D.,
Relator term
710 2# - ADDED ENTRY--CORPORATE NAME
Corporate name or jurisdiction name as entry element IGCP Project 274,
Relator term issuing body.
852 ## - LOCATION/CALL NUMBER
Location IMU Kochi Library
856 40 - ELECTRONIC LOCATION AND ACCESS
Uniform Resource Identifier <a href="https://doi.org/10.1017/CBO9780511564420">https://doi.org/10.1017/CBO9780511564420</a>
904 ## - LOCAL DATA ELEMENT D, LDD (RLIN)
CATALOGER Rudra Ranjan
905 ## - LOCAL DATA ELEMENT E, LDE (RLIN)
VERIFIER Rudra Ranjan
942 ## - ADDED ENTRY ELEMENTS (KOHA)
Item type E-Book
264 #1 -
-- Cambridge :
-- Cambridge University Press,
-- 1994.
338 ## -
-- online resource
505 00 - FORMATTED CONTENTS NOTE
-- Coastal evolution : an introduction /
-- R.W.G. Carter and C.D. Woodroffe --
-- Morphodynamics of coastal evolution /
-- P.J. Cowell and B.G. Thom --
-- Deltaic coasts /
-- J.R. Suter --
-- Wave-dominated coasts /
-- P.S. Roy [and others] --
-- Macrotidal estuaries /
-- J. Chappell and C.D. Woodroffe --
-- Lagoons and microtidal coasts /
-- J.A.G. Cooper --
-- Coral atolls /
-- R.F. McLean and C.D. Woodroffe --
-- Continental shelf reef systems /
-- D. Hopley --
-- Arctic coastal plain shorelines /
-- P.R. Hill [and others].
505 00 - FORMATTED CONTENTS NOTE
-- Paraglacial coasts /
-- D.L. Forbes and J.P.M. Syvitski --
-- Coastal cliffs and platforms /
-- G.B. Griggs and A.S. Trenhaile --
-- Tectonic shorelines /
-- P.A. Pirazzoli --
-- Developed coasts /
-- K.F. Nordstrom.

No items available.



Copyright © All Rights Reserved by Indian Maritime University, Kochi Campus.
For any Suggestions/Query Contact to library or Email: library.kochi@imu.ac.in Ph:(0484)-2989402
(Web OPAC Designed by Rudra Ranjan. Maintained by IMU Kochi Library)

Powered by Koha